00352nam a2200133Ia 4500008004100000041001200041082001600053100001600069245006200085260003400147300000800181650001600189700001300205221030s9999 xx 000 0 und d aEnglish a105.23bHor aE. Horowitz 0aFundamentals Of Data Structurescby E. Horowitz, S. Sahni bGalgotia PubaNew Delhic2001 a564 aBE Computer aS. Sahni